Haz clic en la provincia argentina en un mapa sin fronteras - Estadísticas

Estadísticas generales
  • Esta prueba ha sido intentada 1.322 veces
  • La puntuación promedio es 15 de 24
Respuestas en el mapa
Las respuestas están codificadas por una escala verde-roja en el mapa de la prueba según el % correcto abajo.
 
Estadísticas de respuestas
Respuesta % Correcto
Buenos Aires
84%
Tierra del Fuego
75%
Córdoba
70%
Misiones
70%
Corrientes
66%
Formosa
65%
Chubut
64%
Salta
64%
Jujuy
63%
Santa Fe
63%
Entre Ríos
61%
La Pampa
61%
Rio Negro
60%
Santiago del Estero
59%
Santa Cruz
58%
Mendoza
57%
Neuquén
57%
Chaco
55%
Ciudad de Buenos Aires
53%
San Luis
52%
Catamarca
51%
San Juan
49%
Tucumán
48%
La Rioja
45%
No se encontraron pruebas coincidentes
Distribución de puntuación
Porcentaje de gente con cada puntuación
Porcentaje por número respondido
Historial de tus puntuaciones
No has intentado esta prueba.